000 00678nam a2200289Ia 4500
005 20260324135100.0
008 008 260324s9999 xx 000 0 eng d
020 _a9780203902554
037 _aEBOOK
040 _aCRL
040 _beng
040 _cCRL
041 _2eng
041 _aeng
084 _qCRL
100 _aDaniel Hillyard; John Dombrink
_91199264
245 0 _aDying Right
245 4 _bThe Death with Dignity Movement
260 _bTaylor and Francis
260 _c2001
365 _a
365 _b265
856 _uhttp://www.taylorfrancis.com/books/9780203902554
942 _cEBOOK
999 _c1799980
_d1799980